01128cam a2200289 a 4500001000500000005001700005020001700022040002300039050001300062082001400075100002600089245007400115260003500189300004600224500004900270505000800319520015700327521002000484521002000504650005800524650008800582650008300670650001100753650003400764650002200798700001800820302420240131105704.0 a078073003990 aDLCcDLCdDLCbeng00aE312.G74002973.410921 aGriffin, Judith Berry10aPhoebe the spy /cJudith Berry Griffin ; illustrated by Margot Tomes. aNew York :bScholastic ,c1977 a47 pages :bcolor illustrations ;c22 cm. a"Originally titled: Phoebe and the general." aR  aDuring the Revolution, Phoebe Fraunces has a chance to save the life of General George Washington while he has dinner at Mortier House in New York City. a720 bLexile  aR bRaz-Plus  0aSpieszUnited StatesvBiographyvJuvenile literature. 0aAfrican American girlszNew York (State)zNew YorkvBiographyvJuvenile literature. 0aAfrican AmericanszNew York (State)zNew YorkvBiographyvJuvenile literature. 1aSpies. 1aAfrican AmericansvBiography. 1aWomenvBiography.1 aTomes, Margot